[Event "4NCL/Div3/SCS vs. FCA"]
[Site "West Bromwich ENG"]
[Date "2004.05.30"]
[Round "8.8"]
[White "Wilcox, Charlotte"]
[Black "Atkins, Emma"]
[Result "1/2-1/2"]
[WhiteElo "1552"]
[BlackElo "1360"]
[PlyCount "85"]
[EventDate "2004.05.30"]

1. e4 e5 2. Nf3 Nc6 3. Bc4 Nf6 4. Ng5 d5 5. exd5 Nxd5 6. Nxf7 Kxf7 7. Qf3+ Ke6
8. Nc3 Nce7 9. Qe4 c6 10. d4 Kf6 11. Qxe5+ Kf7 12. Bg5 Be6 13. Ne4 Qd7 14. Nd6+
Kg8 15. Nxb7 Ng6 16. Qe2 Bf7 17. Nc5 Bxc5 18. dxc5 Re8 19. Be3 Nxe3 20. Bxf7+
Qxf7 21. fxe3 h6 22. Rf1 Qe6 23. a3 Qxe3 24. Qxe3 Rxe3+ 25. Kd2 Re7 26. Rad1
Kh7 27. h3 Rhe8 28. Kc1 Re2 29. g4 R2e5 30. b4 Re3 31. a4 R8e4 32. b5 Rxa4 33.
bxc6 Re8 34. Rf7 Ne5 35. Rb7 Ra1+ 36. Rb1 Rxb1+ 37. Kxb1 Nxc6 38. Rd3 Re5 39.
Rc3 Kg8 40. Kb2 Kf7 41. Kb3 Ke6 42. Kc4 Re4+ 43. Kb5 1/2-1/2

[Event "4NCL/Div3/HKF1 vs. WGR3"]
[Site "West Bromwich ENG"]
[Date "2004.05.30"]
[Round "8.1"]
[White "Hebden, Mark L"]
[Black "Pokorna, Regina"]
[Result "1/2-1/2"]
[WhiteElo "2544"]
[BlackElo "2390"]
[PlyCount "77"]
[EventDate "2004.05.30"]

1. d4 Nf6 2. Nf3 e6 3. c4 d5 4. Bg5 Be7 5. Nc3 O-O 6. e3 b6 7. Bd3 Bb7 8. O-O
Nbd7 9. Rc1 dxc4 10. Bxc4 c5 11. Qe2 Rc8 12. Ba6 Bxa6 13. Qxa6 Nd5 14. Bxe7
Qxe7 15. Nxd5 exd5 16. Qxa7 Ra8 17. Qb7 Qd6 18. e4 dxe4 19. Qxe4 Rxa2 20. Qc2
h6 21. Rfd1 Qf6 22. Qb3 Raa8 23. Qb5 Rad8 24. b4 cxd4 25. Rc6 Qf4 26. h3 Nf6
27. Rc4 Rd6 28. Rcxd4 Rxd4 29. Rxd4 Qc1+ 30. Kh2 Qc7+ 31. Qe5 Qb7 32. Nd2 Re8
33. Qf4 b5 34. Nb3 Qb6 35. Nc5 Rd8 36. f3 Rxd4 37. Qxd4 Qc6 38. Kg1 Qd5 39.
Qxd5 1/2-1/2

[Event "4NCL/Div3/HKF1 vs. WGR3"]
[Site "West Bromwich ENG"]
[Date "2004.05.30"]
[Round "8.2"]
[White "Lee, Graham D"]
[Black "Apicella, Manuel"]
[Result "1/2-1/2"]
[WhiteElo "2329"]
[BlackElo "2539"]
[PlyCount "117"]
[EventDate "2004.05.30"]

1. e4 e6 2. d4 d5 3. e5 c5 4. c3 Nc6 5. Nf3 Qb6 6. a3 c4 7. Qc2 Na5 8. Bf4 Nb3
9. Ra2 Ne7 10. Nbd2 Nc6 11. Be2 Bd7 12. h4 h6 13. Qb1 Nca5 14. Nf1 O-O-O 15.
Bd1 Be7 16. h5 f6 17. Bc2 Nc6 18. Qd1 Rhf8 19. Bg3 fxe5 20. Nxe5 Nxe5 21. Bxe5
Bd6 22. Bxd6 Qxd6 23. Ne3 e5 24. dxe5 Qxe5 25. Qxd5 Qxd5 26. Nxd5 Bg4 27. Ne3
Rd2 28. f3 Re8 29. Bxb3 Rxg2 30. Kf1 cxb3 31. Kxg2 bxa2 32. Nxg4 Re2+ 33. Kg3
Rxb2 34. Ra1 b5 35. Ne3 Kd7 36. Nf5 Ke6 37. Nxg7+ Kf6 38. Ne8+ Kg5 39. Nd6 Kxh5
40. Kf4 Kg6 41. c4 bxc4 42. Nxc4 Rc2 43. Ne3 Rd2 44. Ke4 Re2 45. a4 h5 46. f4
h4 47. Kf3 Rb2 48. Kg4 h3 49. Nc4 Rc2 50. Ne5+ Kf6 51. Kxh3 Kf5 52. Kg3 Rc3+
53. Kf2 Ra3 54. Ke2 Kxf4 55. Nd3+ Ke4 56. Nb2 Kd4 57. Kd2 Kc5 58. Kc2 Kb4 59.
Nd3+ 1/2-1/2

[Event "4NCL/Div3/HKF1 vs. WGR3"]
[Site "West Bromwich ENG"]
[Date "2004.05.30"]
[Round "8.3"]
[White "Berzinsh, Roland"]
[Black "Grant, Jonathan"]
[Result "1/2-1/2"]
[WhiteElo "2456"]
[BlackElo "2251"]
[PlyCount "94"]
[EventDate "2004.05.30"]

1. e4 c6 2. d4 d5 3. Nc3 dxe4 4. Nxe4 Bf5 5. Nc5 Qb6 6. Nf3 e6 7. Nb3 Nf6 8.
Be2 Bd6 9. Nbd2 Qc7 10. Nc4 Be7 11. O-O Nbd7 12. Nfe5 Nxe5 13. dxe5 Rd8 14. Bd3
Bxd3 15. cxd3 Nd5 16. Qg4 g6 17. Bg5 O-O 18. d4 Bxg5 19. Qxg5 Ne7 20. Rad1 Nf5
21. Qf4 Qe7 22. g4 Qh4 23. h3 Ne7 24. Kg2 g5 25. Qg3 Qxg3+ 26. Kxg3 f5 27. f4
h6 28. fxg5 hxg5 29. Nd6 Rd7 30. Rd3 Kg7 31. Rb3 Kg6 32. Rd1 b6 33. Rc1 Rfd8
34. Rf3 f4+ 35. Kf2 Nc8 36. Nxc8 Rxc8 37. Rfc3 Rxd4 38. Rxc6 Rxc6 39. Rxc6 Rd2+
40. Kf3 Rxb2 41. Rxe6+ Kf7 42. Rf6+ Ke7 43. Rg6 Rh2 44. Rxg5 Rxh3+ 45. Kxf4 Ra3
46. Kf5 Rf3+ 47. Ke4 Ra3 1/2-1/2

[Event "4NCL/Div3/HKF1 vs. WGR3"]
[Site "West Bromwich ENG"]
[Date "2004.05.30"]
[Round "8.4"]
[White "Cutmore, Martin J"]
[Black "Cooper, Lawrence"]
[Result "0-1"]
[WhiteElo "2120"]
[BlackElo "2311"]
[PlyCount "82"]
[EventDate "2004.05.30"]

1. d4 Nf6 2. c4 e6 3. Nc3 Bb4 4. f3 d5 5. a3 Bxc3+ 6. bxc3 c5 7. e3 O-O 8. cxd5
Nxd5 9. Bd2 f5 10. g3 Nc6 11. Bb5 cxd4 12. exd4 Bd7 13. Ne2 Rc8 14. O-O Na5 15.
Bd3 Nc4 16. Bxc4 Rxc4 17. Qb3 Qc8 18. Rac1 Qc6 19. Nf4 Nxf4 20. Bxf4 Rc8 21.
Bd2 Qd5 22. Qb2 Bc6 23. Rce1 Qd7 24. Re5 Bd5 25. g4 fxg4 26. fxg4 Qe7 27. Rh5
Rf8 28. Bf4 Rf7 29. Rh3 Rc8 30. Qb1 g6 31. Be5 Rxf1+ 32. Qxf1 Rf8 33. Qe1 Qxa3
34. g5 Qa2 35. Rg3 Qc2 36. Bf6 a5 37. Be7 Rf4 38. Bd6 Rf5 39. Be7 a4 40. h4 Rf4
41. c4 Rxh4 0-1

[Event "4NCL/Div3/HKF1 vs. WGR3"]
[Site "West Bromwich ENG"]
[Date "2004.05.30"]
[Round "8.5"]
[White "Greet, Andrew N"]
[Black "Maduekwe, Chiedu"]
[Result "1/2-1/2"]
[WhiteElo "2319"]
[BlackElo "2127"]
[PlyCount "98"]
[EventDate "2004.05.30"]

1. Nf3 Nf6 2. b3 g6 3. Bb2 Bg7 4. c4 O-O 5. e3 c6 6. d4 d5 7. Bd3 Bg4 8. h3
Bxf3 9. Qxf3 Nbd7 10. O-O Re8 11. Nc3 e5 12. cxd5 exd4 13. exd4 Qa5 14. dxc6
bxc6 15. Qxc6 Rac8 16. Qb5 Qc7 17. Rac1 Qd6 18. Ne2 Nb6 19. Rxc8 Rxc8 20. Bb1
Nfd5 21. Rd1 Nd7 22. Qd3 Re8 23. Qf3 Nf8 24. Ng3 f5 25. Bd3 Kh8 26. Nf1 Ne6 27.
Bc4 Nec7 28. Nd2 Nb6 29. Bf1 Ne6 30. Qb7 Re7 31. Nc4 Rc7 32. Qa6 Nxd4 33. Kh1
Rd7 34. Qa3 h5 35. Na5 Qc7 36. Bxd4 Rxd4 37. Rxd4 Bxd4 38. Qf8+ Kh7 39. Nc4
Bxf2 40. Nd6 Bc5 41. Ne8 Bxf8 42. Nxc7 Bc5 43. Ne6 Be3 44. g3 Kg8 45. Kg2 Kf7
46. Nd8+ Kf6 47. Kf3 Bc5 48. g4 hxg4+ 49. hxg4 fxg4+ 1/2-1/2

[Event "4NCL/Div3/HKF1 vs. WGR3"]
[Site "West Bromwich ENG"]
[Date "2004.05.30"]
[Round "8.6"]
[White "Hasman, Cengiz"]
[Black "Nguyen, Chi-Minh"]
[Result "1-0"]
[WhiteElo "2032"]
[BlackElo "2364"]
[PlyCount "85"]
[EventDate "2004.05.30"]

1. d4 f5 2. c4 Nf6 3. Nc3 g6 4. g3 Bg7 5. Bg2 d6 6. d5 Nbd7 7. Nh3 O-O 8. O-O
Ne5 9. Qb3 Nfd7 10. Be3 c5 11. dxc6 bxc6 12. c5+ Kh8 13. cxd6 exd6 14. Rfd1 Rb8
15. Qc2 Nb6 16. Bc5 Nbc4 17. b3 Qe7 18. Bd4 Nb6 19. Qd2 d5 20. Rac1 Bb7 21. e3
h6 22. Nf4 Kh7 23. Nd3 Ned7 24. Ne2 Bxd4 25. exd4 Nf6 26. Ne5 Nbd7 27. Nxc6
Bxc6 28. Rxc6 Ne4 29. Bxe4 fxe4 30. Rc7 Rf7 31. Qa5 Qe6 32. Qxa7 Rbf8 33. Rf1
g5 34. Qb7 Nf6 35. Rfc1 Ne8 36. Rxf7+ Rxf7 37. Qc6 Qf5 38. Rf1 Nf6 39. Nc3 Qh3
40. f3 exf3 41. Rxf3 Qg4 42. Kg2 Qxd4 43. Nxd5 1-0

[Event "4NCL/Div3/HKF1 vs. WGR3"]
[Site "West Bromwich ENG"]
[Date "2004.05.30"]
[Round "8.7"]
[White "Wilson, Jonathan G"]
[Black "Cutmore, David A"]
[Result "1-0"]
[WhiteElo "2303"]
[BlackElo "2102"]
[PlyCount "79"]
[EventDate "2004.05.30"]

1. d4 Nf6 2. c4 d6 3. Nc3 Bf5 4. f3 e5 5. e4 exd4 6. Qxd4 Nc6 7. Qd2 Be6 8. b3
g6 9. Bb2 Bg7 10. Nge2 Nh5 11. O-O-O a5 12. g4 Nf6 13. Nf4 Nd7 14. h4 Nc5 15.
Ncd5 Ne5 16. Nxe6 fxe6 17. f4 Nxe4 18. Qe3 exd5 19. cxd5 Nf6 20. Bb5+ c6 21.
dxc6 O-O 22. Bxe5 bxc6 23. Rxd6 Qe7 24. Bc4+ Kh8 25. Be6 Rad8 26. Qd4 Rxd6 27.
Qxd6 Qxd6 28. Bxd6 Re8 29. Re1 Nxg4 30. Re2 Nf6 31. Bc4 Rxe2 32. Bxe2 Nd5 33.
Bf3 Bf6 34. h5 gxh5 35. Bxh5 Bd4 36. Be8 Be3+ 37. Kc2 Nxf4 38. Bxc6 Ne6 39. Bd5
Nf4 40. Be5# 1-0

[Event "4NCL/Div3/HKF1 vs. WGR3"]
[Site "West Bromwich ENG"]
[Date "2004.05.30"]
[Round "8.8"]
[White "Kikoyo, Ali"]
[Black "Summerscale, Claire E"]
[Result "0-1"]
[WhiteElo "1768"]
[BlackElo "2036"]
[PlyCount "74"]
[EventDate "2004.05.30"]

1. e4 d5 2. exd5 Qxd5 3. d4 Nc6 4. Be3 e5 5. c4 Qa5+ 6. Nc3 exd4 7. Bxd4 Be6 8.
Be3 Bb4 9. Bd2 Rd8 10. Nf3 Bxc3 11. bxc3 Nf6 12. Nd4 Qe5+ 13. Qe2 Qxe2+ 14.
Bxe2 Nxd4 15. cxd4 Rxd4 16. Be3 Re4 17. O-O Bxc4 18. Bxc4 Rxc4 19. Rac1 Rxc1
20. Rxc1 Kd7 21. Kf1 b6 22. f3 c5 23. Rd1+ Kc6 24. Bf4 Nd5 25. Bc1 Re8 26. Kf2
b5 27. Bb2 g6 28. Rc1 Nf4 29. Rc2 Nd3+ 30. Kg3 Nxb2 31. Rxb2 c4 32. a3 a5 33.
Kf4 f6 34. g4 Kc5 35. Rd2 c3 36. Rd7 Kc4 37. Ra7 c2 0-1

[Event "4NCL/Div3/SLO2 vs. FCA"]
[Site "West Bromwich ENG"]
[Date "2004.06.19"]
[Round "10.1"]
[White "Jones, Gawain C B"]
[Black "Macdonald-Ross, Michael"]
[Result "1-0"]
[WhiteElo "2405"]
[BlackElo "2198"]
[PlyCount "61"]
[EventDate "2004.06.19"]

1. e4 c6 2. d4 d5 3. e5 Bf5 4. Be3 e6 5. Nd2 Nd7 6. c3 Ne7 7. h4 h5 8. Ne2 c5
9. Nf4 cxd4 10. cxd4 Nc6 11. a3 Qb6 12. b4 f6 13. exf6 Nxf6 14. Nb3 Bd6 15. Bd3
Kf7 16. Nc5 Bxf4 17. Bxf4 a5 18. bxa5 Qxa5+ 19. Bd2 Qc7 20. O-O Nxd4 21. Rc1
Nc6 22. Bxf5 exf5 23. Bg5 Rad8 24. Re1 Rhe8 25. Rxe8 Rxe8 26. Bxf6 Kxf6 27.
Qxh5 Qf4 28. Nd7+ Ke7 29. Re1+ Kxd7 30. Qxe8+ Kc7 31. Qf7+ 1-0

[Event "4NCL/Div3/SLO2 vs. FCA"]
[Site "West Bromwich ENG"]
[Date "2004.06.19"]
[Round "10.2"]
[White "Freeman, Richard C P"]
[Black "Jedryczka, Krystian"]
[Result "0-1"]
[WhiteElo "2139"]
[BlackElo "2334"]
[PlyCount "74"]
[EventDate "2004.06.19"]

1. e4 c5 2. Nc3 Nc6 3. f4 g6 4. Nf3 Bg7 5. Bb5 Nd4 6. Bd3 d6 7. Nxd4 cxd4 8.
Ne2 e6 9. O-O Ne7 10. c3 dxc3 11. dxc3 Qb6+ 12. Kh1 Bd7 13. Rf3 O-O 14. Qc2 f5
15. Be3 Qc7 16. Ng3 fxe4 17. Nxe4 Nf5 18. Ng5 h6 19. Bxf5 Rxf5 20. Ne4 Bc6 21.
Rg3 Kh7 22. Rh3 Re8 23. Kg1 e5 24. g4 exf4 25. gxf5 Bxe4 26. fxg6+ Bxg6 27. Qf2
fxe3 28. Rxe3 Be5 29. Rae1 Rg8 30. Kf1 Qc4+ 31. Qe2 Rf8+ 32. Kg1 Qh4 33. Qg2
Rg8 34. Kh1 Be8 35. Qxb7+ Rg7 36. Qe4+ Qxe4+ 37. Rxe4 Bc6 0-1

[Event "4NCL/Div3/SLO2 vs. FCA"]
[Site "West Bromwich ENG"]
[Date "2004.06.19"]
[Round "10.3"]
[White "Gough, Michael J"]
[Black "Smith, Graham M"]
[Result "0-1"]
[WhiteElo "2153"]
[BlackElo "2165"]
[PlyCount "158"]
[EventDate "2004.06.19"]

1. d4 d6 2. c4 e5 3. Nf3 e4 4. Ng5 f5 5. Nc3 c6 6. g3 Na6 7. Bg2 Nf6 8. O-O Be7
9. d5 Nc7 10. f3 exf3 11. exf3 h6 12. Nh3 cxd5 13. cxd5 g5 14. Re1 O-O 15. Qb3
Nd7 16. Be3 b6 17. Rad1 Ba6 18. f4 g4 19. Nf2 Bf6 20. Qc2 Bg7 21. Ne2 Bxe2 22.
Rxe2 Rc8 23. Qa4 a5 24. Rde1 Rf7 25. Qc6 Kh7 26. Qxd6 Nb5 27. Qe6 Rf6 28. Rd2
Nd6 29. Nxg4 Rxe6 30. dxe6 Nc5 31. Bxc5 bxc5 32. Ne5 Qe7 33. Nc6 Rxc6 34. Bxc6
Bd4+ 35. Kg2 Nc4 36. Rde2 Nxb2 37. Rb1 a4 38. Rbxb2 Bxb2 39. Rxb2 Qxe6 40. Bf3
a3 41. Re2 Qc4 42. Bh5 Kg7 43. Rf2 Qd4 44. g4 fxg4 45. Bxg4 Kf6 46. Re2 c4 47.
Re6+ Kf7 48. Re2 Kf6 49. Re6+ Kg7 50. Re7+ Kf8 51. Re2 c3 52. Bf5 Qxf4 53. Bc2
Qg4+ 54. Kf2 {=} 54... Qd4+ 55. Kf3 h5 56. Bb3 Qg4+ 57. Ke3 Ke7 58. Kd3+ Kd6
59. Rc2 Ke5 60. Re2+ Kd6 61. Rc2 Qf3+ 62. Kd4 h4 63. Kc4 Ke5 64. Kb4 Kd4 65.
Kxa3 Kc5 66. Ba4 Kc4 67. Bb3+ Kb5 68. Ba4+ Ka5 69. Kb3 Qd5+ 70. Kxc3 Kxa4 71.
Rd2 Qe5+ 72. Kd3 Kb4 73. Re2 Qc3+ 74. Ke4 Kc5 75. Kf4 Qh3 76. Rc2+ Kd4 77. Rd2+
Kc3 78. Rf2 Qe6 79. Rg2 Kd3 0-1

[Event "4NCL/Div3/SLO2 vs. FCA"]
[Site "West Bromwich ENG"]
[Date "2004.06.19"]
[Round "10.4"]
[White "Elwin, Adrian G"]
[Black "Richmond, Robert J"]
[Result "0-1"]
[WhiteElo "2066"]
[BlackElo "2207"]
[PlyCount "110"]
[EventDate "2004.06.19"]

1. Nf3 f5 2. c4 Nf6 3. Nc3 g6 4. g3 Bg7 5. Bg2 O-O 6. O-O d6 7. d4 Nc6 8. d5
Ne5 9. Nxe5 dxe5 10. e4 f4 11. gxf4 Nh5 12. f5 Nf4 13. Bxf4 exf4 14. Qe2 Qd6
15. Rae1 Be5 16. f3 gxf5 17. Kh1 Qh6 18. Qf2 b6 19. a3 a5 20. Rg1 Kh8 21. exf5
Rxf5 22. Rxe5 Rxe5 23. Qd4 Qg7 24. Qxf4 Rg5 25. Ne4 Rg6 26. Ng3 e5 27. dxe6
Bxe6 28. Qe4 Rd8 29. Bf1 Qd4 30. Qb7 Qf4 31. b4 axb4 32. axb4 Rdg8 33. Qe4 Qxe4
34. fxe4 h5 35. Rg2 h4 36. Nf5 Rxg2 37. Bxg2 Bxf5 38. exf5 Rg4 39. Bd5 Kg7 40.
h3 Rg3 41. Kh2 Rd3 42. Be6 Rd2+ 43. Kg1 Kf6 44. b5 Ke5 45. Bc8 Kf4 46. f6 Kg3
47. Kf1 Rf2+ 48. Ke1 Rxf6 49. Ke2 Rf3 50. Bg4 Ra3 51. Kd2 Kf4 52. Kc2 Ke5 53.
Kd2 Kd4 54. Be6 Ra2+ 55. Kc1 Ra4 0-1

[Event "4NCL/Div3/SLO2 vs. FCA"]
[Site "West Bromwich ENG"]
[Date "2004.06.19"]
[Round "10.5"]
[White "Redpath, Joseph"]
[Black "Williamson, Kevin J"]
[Result "1-0"]
[WhiteElo "2210"]
[BlackElo "2069"]
[PlyCount "53"]
[EventDate "2004.06.19"]

1. d4 d6 2. e4 e5 3. c3 Be7 4. Bd3 Nf6 5. Ne2 O-O 6. Nd2 c6 7. O-O Bg4 8. f3
Be6 9. f4 exf4 10. Nxf4 Qb6 11. Nxe6 fxe6 12. Nc4 Qd8 13. Bf4 b5 14. Nxd6 Bxd6
15. Bxd6 Qxd6 16. e5 Qd5 17. exf6 gxf6 18. Qg4+ Kh8 19. Rae1 f5 20. Re5 Qd6 21.
Qe2 Rf6 22. Re1 Rh6 23. Qe3 Kg7 24. Qxh6+ Kxh6 25. Rxe6+ Qxe6 26. Rxe6+ Kg5 27.
Re8 1-0

[Event "4NCL/Div3/SLO2 vs. FCA"]
[Site "West Bromwich ENG"]
[Date "2004.06.19"]
[Round "10.6"]
[White "Kendall, Paul S W"]
[Black "Lindner, Daniel"]
[Result "0-1"]
[WhiteElo "1944"]
[BlackElo "2228"]
[PlyCount "96"]
[EventDate "2004.06.19"]

1. e4 e5 2. Nf3 Nc6 3. Bb5 f5 4. d4 fxe4 5. Bxc6 dxc6 6. Nxe5 Qh4 7. Qe2 Nf6 8.
Nc3 Be6 9. Be3 Bd6 10. O-O-O O-O 11. h3 Nd5 12. Nxd5 cxd5 13. g3 Qf6 14. c4
Bxe5 15. cxd5 Bxd5 16. dxe5 Qxe5 17. Bd4 Qe6 18. Rhe1 c5 19. Bc3 Rad8 20. Qe3 {
=} 20... b6 21. h4 Rd7 22. Rd2 Rdf7 23. Qg5 Bxa2 24. Rd8 Qe7 25. Rxf8+ Kxf8 26.
Qg4 Bd5 27. Qh5 Qe6 28. Qxh7 Qh6+ 29. Qxh6 gxh6 30. Rd1 Rd7 31. Bd2 Kg7 32. Bf4
a5 33. Be3 h5 34. Bg5 Kg6 35. Re1 Kf5 36. Re3 a4 37. Rc3 Bb3 38. Bd2 Kg4 39.
Re3 Rd4 40. Re1 Kf3 41. Be3 Rc4+ 42. Kb1 Rc2 43. Rf1 Re2 44. g4 hxg4 45. Rg1
Rxe3 46. fxe3 g3 47. h5 g2 48. h6 Bg8 0-1

[Event "4NCL/Div3/SLO2 vs. FCA"]
[Site "West Bromwich ENG"]
[Date "2004.06.19"]
[Round "10.7"]
[White "Payne, Nick"]
[Black "Constantinou, Peter"]
[Result "1/2-1/2"]
[WhiteElo "2088"]
[BlackElo "1808"]
[PlyCount "44"]
[EventDate "2004.06.19"]

1. e4 c5 2. Nc3 Nc6 3. g3 g6 4. Bg2 Bg7 5. d3 Rb8 6. Be3 d6 7. Nge2 b5 8. Qd2
Nd4 9. O-O e6 10. Nd1 Ne7 11. Nc1 O-O 12. c3 Ndc6 13. Bh6 b4 14. Bxg7 Kxg7 15.
Ne3 bxc3 16. bxc3 d5 17. Nb3 Qd6 18. Qb2 c4 19. dxc4 dxe4 20. Bxe4 Qe5 21. Bg2
a5 22. Qd2 Rd8 1/2-1/2

[Event "4NCL/Div3/SLO2 vs. FCA"]
[Site "West Bromwich ENG"]
[Date "2004.06.19"]
[Round "10.8"]
[White "Chidi, Sylvia"]
[Black "Barraclough, Stephanie"]
[Result "1/2-1/2"]
[WhiteElo "1656"]
[BlackElo "1901"]
[PlyCount "56"]
[EventDate "2004.06.19"]

1. e4 d5 2. exd5 Nf6 3. Nc3 Nxd5 4. Nxd5 Qxd5 5. Nf3 Nc6 6. d4 Bg4 7. c4 Qd7 8.
Be3 e6 9. Be2 Bb4+ 10. Kf1 Be7 11. h3 Bh5 12. d5 exd5 13. cxd5 Nb4 14. g4 Bg6
15. Ne5 Qxd5 16. Qxd5 Nxd5 17. Nxg6 Nxe3+ 18. fxe3 hxg6 19. Rd1 {=} 19... Bg5
20. Kf2 Ke7 21. Kf3 Rhe8 22. b3 Rad8 23. e4 Bf6 24. a4 Be5 25. Rd5 Rxd5 26.
exd5 f5 27. Bc4 Kf6 28. Bb5 Rd8 1/2-1/2

[Event "4NCL/Div3/GUI3 vs. HKF1"]
[Site "West Bromwich ENG"]
[Date "2004.06.19"]
[Round "10.1"]
[White "Richardson, Keith B"]
[Black "Hebden, Mark L"]
[Result "0-1"]
[WhiteElo "2227"]
[BlackElo "2544"]
[PlyCount "62"]
[EventDate "2004.06.19"]

1. c4 g6 2. Nc3 Bg7 3. g3 Nf6 4. Bg2 O-O 5. e3 e6 6. Nge2 d5 7. O-O dxc4 8. Qa4
Nbd7 9. Qxc4 Ne5 10. Qb5 Nd3 11. Nd4 Nxc1 12. Raxc1 c6 13. Qe2 e5 14. Nb3 Bg4
15. f3 Be6 16. Rfd1 Nd7 17. d4 Bxb3 18. axb3 exd4 19. exd4 Re8 20. Qf2 Nf6 21.
Bf1 Re7 22. Rc2 Qa5 23. Rcd2 Rd8 24. Bc4 b5 25. Bf1 Bh6 26. Re2 Rxe2 27. Bxe2
Re8 28. f4 b4 29. Na4 Bg7 30. Nc5 Nd5 31. Bf3 Ne3 0-1

[Event "4NCL/Div3/GUI3 vs. HKF1"]
[Site "West Bromwich ENG"]
[Date "2004.06.19"]
[Round "10.2"]
[White "Berzinsh, Roland"]
[Black "Frostick, Clive A"]
[Result "1-0"]
[WhiteElo "2456"]
[BlackElo "2162"]
[PlyCount "39"]
[EventDate "2004.06.19"]

1. e4 c5 2. Nf3 Nc6 3. Bb5 e6 4. O-O Nge7 5. c3 a6 6. Ba4 b5 7. Bc2 Bb7 8. Qe2
e5 9. a4 Qb6 10. axb5 axb5 11. Rxa8+ Bxa8 12. Na3 b4 13. Nc4 Qc7 14. d4 d6 15.
Ba4 exd4 16. cxd4 cxd4 17. Nxd4 Ng6 18. Be3 Be7 19. Nb5 Qd7 20. Nb6 1-0

[Event "4NCL/Div3/GUI3 vs. HKF1"]
[Site "West Bromwich ENG"]
[Date "2004.06.19"]
[Round "10.3"]
[White "Punnett, Alan K"]
[Black "Greet, Andrew N"]
[Result "0-1"]
[WhiteElo "2139"]
[BlackElo "2319"]
[PlyCount "54"]
[EventDate "2004.06.19"]

1. e4 c5 2. Nc3 Nc6 3. g3 g6 4. Bg2 Bg7 5. d3 d6 6. Be3 Rb8 7. Qd2 b5 8. Nge2
b4 9. Nd1 Nd4 10. O-O Bg4 11. f3 Bd7 12. c3 bxc3 13. bxc3 Nxe2+ 14. Qxe2 Nf6
15. Nf2 O-O 16. Rfd1 Qa5 17. Rac1 Qa3 18. Rc2 Ne8 19. d4 Nc7 20. Nd3 Nb5 21.
Bc1 Qa5 22. dxc5 Nxc3 23. Rxc3 Qxc3 24. cxd6 Ba4 25. dxe7 Rfe8 26. Re1 Bb5 27.
Bf1 Bxd3 0-1

[Event "4NCL/Div3/GUI3 vs. HKF1"]
[Site "West Bromwich ENG"]
[Date "2004.06.19"]
[Round "10.4"]
[White "Cooper, Lawrence"]
[Black "Stimpson, Philip M"]
[Result "0-1"]
[WhiteElo "2311"]
[BlackElo "2123"]
[PlyCount "50"]
[EventDate "2004.06.19"]

1. e4 d5 2. exd5 Nf6 3. Nf3 Qxd5 4. d4 Bg4 5. Be2 Nc6 6. c4 Qd7 7. d5 Bxf3 8.
Bxf3 Ne5 9. Be2 e6 10. Qb3 Bc5 11. Qxb7 O-O 12. Nc3 Rab8 13. Qa6 Rb6 14. Qa4 c6
15. O-O exd5 16. cxd5 Rb4 17. dxc6 Qf5 18. Qa6 Rh4 19. g3 Qh3 20. gxh4 Nf3+ 21.
Bxf3 Bd6 22. Rd1 Bxh2+ 23. Kh1 Bg3+ 24. Kg1 Qh2+ 25. Kf1 Qxf2# 0-1

[Event "4NCL/Div3/GUI3 vs. HKF1"]
[Site "West Bromwich ENG"]
[Date "2004.06.19"]
[Round "10.5"]
[White "Hill, David F"]
[Black "Chipanga, Takaedza"]
[Result "0-1"]
[WhiteElo "2049"]
[BlackElo "2170"]
[PlyCount "128"]
[EventDate "2004.06.19"]

1. Nf3 d5 2. d4 Nf6 3. c4 dxc4 4. e3 e6 5. Bxc4 c5 6. Qe2 a6 7. dxc5 Bxc5 8.
O-O b5 9. Bd3 O-O 10. a4 b4 11. Nbd2 Bb7 12. Nb3 Nbd7 13. e4 Be7 14. Bf4 Nh5
15. Be3 e5 16. Rfd1 Nhf6 17. Nfd2 Bd6 18. Nc4 Bc7 19. Nc5 Bc6 20. Nd2 a5 21.
Rac1 Nxc5 22. Bxc5 Re8 23. Bb5 Re6 24. Nf3 Qb8 25. Ng5 Bxb5 26. axb5 Re8 27.
Qc4 h6 28. Qxf7+ Kh8 29. Ne6 Rxe6 30. Qxe6 Qxb5 31. Be7 Ne8 32. Qd5 Rb8 33. Qf7
Bb6 34. Bd6 Rd8 35. Be7 Rb8 36. Bh4 Bd4 37. b3 Qe2 38. Qd7 Qxe4 39. Rc8 Rxc8
40. Qxc8 Qg6 41. Bg3 Kh7 42. h3 Nf6 43. Qc6 Qxg3 44. Rxd4 Qxb3 45. Rd6 Qb1+ 46.
Kh2 Qf5 47. Re6 Qxf2 48. Qc7 Qf4+ 49. Kg1 b3 50. Rxe5 a4 51. Qc3 Ne4 52. Qd4
Qf2+ 53. Qxf2 Nxf2 54. Rb5 Nd3 55. Kf1 b2 56. Ke2 a3 57. Kxd3 a2 58. Rxb2 a1=Q
59. Re2 Qa3+ 60. Ke4 Qg3 61. Kf5 g6+ 62. Kf6 h5 63. Re7+ Kh6 64. Re2 Qd3 0-1

[Event "4NCL/Div3/GUI3 vs. HKF1"]
[Site "West Bromwich ENG"]
[Date "2004.06.19"]
[Round "10.6"]
[White "Burrows, Martin"]
[Black "Smart, Michael R"]
[Result "1-0"]
[WhiteElo "2242"]
[BlackElo "1936"]
[PlyCount "80"]
[EventDate "2004.06.19"]

1. e4 Nf6 2. e5 Nd5 3. d4 d6 4. c4 Nb6 5. exd6 exd6 6. Nc3 Be7 7. Nf3 O-O 8.
Be2 Bg4 9. O-O N8d7 10. b3 c6 11. Be3 Re8 12. Rc1 Nf6 13. Re1 Nbd7 14. h3 Bh5
15. Nh4 Bxe2 16. Qxe2 Nd5 17. cxd5 Bxh4 18. dxc6 bxc6 19. Qg4 d5 20. Na4 Re4
21. Qf3 Rc8 22. Re2 Bg5 23. Rd1 Bf6 24. Nc3 Re6 25. Rc2 g6 26. Rdc1 Nb6 27. Ne2
Bg7 28. Nf4 Rf6 29. Qg4 h5 30. Qd1 Qd6 31. Nd3 Re6 32. Bf4 Qf8 33. Nc5 Ree8 34.
Qd2 Qe7 35. Bg5 f6 36. Bh6 Kh7 37. Bxg7 Kxg7 38. Nd3 Qd7 39. Rc5 Qd6 40. Qc3
Re6 {time} 1-0

[Event "4NCL/Div3/GUI3 vs. HKF1"]
[Site "West Bromwich ENG"]
[Date "2004.06.19"]
[Round "10.7"]
[White "Jones, H Trevor"]
[Black "Crombleholme, Alan"]
[Result "0-1"]
[WhiteElo "1776"]
[BlackElo "2099"]
[PlyCount "68"]
[EventDate "2004.06.19"]

1. c4 e5 2. Nc3 Nc6 3. g3 g6 4. Bg2 Bg7 5. e3 d6 6. Nge2 Bf5 7. e4 Be6 8. d3
Qd7 9. Nd5 Nce7 10. O-O c6 11. Nxe7 Nxe7 12. b4 O-O 13. Rb1 d5 14. Qc2 b5 15.
exd5 cxd5 16. c5 a5 17. a3 axb4 18. axb4 Nc6 19. Bd2 Ra6 20. Bc3 Rfa8 21. f4
Ra2 22. Rb2 d4 23. Bd2 Rxb2 24. Qxb2 Ra2 25. Qc1 Bd5 26. fxe5 Bxg2 27. e6 fxe6
28. Kxg2 Ne5 29. Kg1 Nxd3 30. Qd1 Qd5 31. Nf4 Nxf4 32. gxf4 d3 33. Rf3 Rxd2 34.
Qxd2 Qxf3 0-1

[Event "4NCL/Div3/GUI3 vs. HKF1"]
[Site "West Bromwich ENG"]
[Date "2004.06.19"]
[Round "10.8"]
[White "Summerscale, Claire E"]
[Black "Morris, Claire H"]
[Result "1-0"]
[WhiteElo "2036"]
[BlackElo "1616"]
[PlyCount "53"]
[EventDate "2004.06.19"]

1. d4 Nf6 2. Nc3 g6 3. e4 d6 4. Bg5 Bg7 5. Nf3 Nc6 6. d5 Nb8 7. Qd2 h6 8. Bh4
c6 9. dxc6 Nxc6 10. Bc4 Qb6 11. Bb3 Bd7 12. Bxf6 Bxf6 13. Nd5 Qc5 14. Nxf6+
exf6 15. Rd1 Ke7 16. O-O Be6 17. Rfe1 Rac8 18. Re3 Ne5 19. Nxe5 dxe5 20. Bxe6
fxe6 21. Qd7+ Kf8 22. Rc3 Qxc3 23. bxc3 Re8 24. Rd6 Re7 25. Qd8+ Re8 26. Qxf6+
Kg8 27. Rd7 1-0

[Event "4NCL/Div3/ATH vs. SCS"]
[Site "West Bromwich ENG"]
[Date "2004.06.19"]
[Round "10.1"]
[White "Spreeuw, Jaap"]
[Black "Dickinson, Timothy R"]
[Result "1/2-1/2"]
[WhiteElo "2306"]
[BlackElo "2177"]
[PlyCount "87"]
[EventDate "2004.06.19"]

1. c4 e5 2. Nc3 Bb4 3. Nd5 Be7 4. d4 c6 5. Nxe7 Qxe7 6. dxe5 Qxe5 7. Nf3 Qe7 8.
Qd4 Nf6 9. Bg5 c5 10. Bxf6 gxf6 11. Qc3 Nc6 12. g3 Ne5 13. Bg2 d6 14. O-O Be6
15. b3 O-O 16. Rad1 Rab8 17. Nd2 b5 18. f4 b4 19. Qe3 Ng4 20. Qd3 f5 21. e4 Nh6
22. Rfe1 Qc7 23. Qc2 fxe4 24. Bxe4 f5 25. Bg2 Rbe8 26. Nf3 Nf7 27. Qd3 Qe7 28.
Ng5 Nxg5 29. fxg5 Qxg5 30. Qxd6 Bf7 31. Qxc5 Rxe1+ 32. Rxe1 Qd2 33. Qf2 Rd8 34.
Bf3 Qc3 35. Rd1 Rxd1+ 36. Bxd1 a5 37. Bc2 Qa1+ 38. Qf1 Qxa2 39. Qxf5 Bg6 40.
Qe6+ Kg7 41. Qe5+ Kh6 42. Qe3+ Kg7 43. Bxg6 hxg6 44. Qe7+ 1/2-1/2

[Event "4NCL/Div3/ATH vs. SCS"]
[Site "West Bromwich ENG"]
[Date "2004.06.19"]
[Round "10.2"]
[White "Reynolds, D Ian"]
[Black "Quinn, John M"]
[Result "1/2-1/2"]
[WhiteElo "2103"]
[BlackElo "2167"]
[PlyCount "35"]
[EventDate "2004.06.19"]

1. e4 c5 2. c3 d5 3. exd5 Qxd5 4. d4 Nf6 5. Nf3 g6 6. Nbd2 Bg7 7. Bc4 Qd6 8.
Ne5 O-O 9. Ndf3 cxd4 10. cxd4 Be6 11. Bxe6 Qxe6 12. O-O Nbd7 13. Re1 Qd5 14. b3
Nxe5 15. dxe5 Qxd1 16. Rxd1 Rfd8 17. Rxd8+ Rxd8 18. Be3 1/2-1/2